[Event "Niedersachsen-ch B"]
[Site "Verden"]
[Date "2010.01.05"]
[Round "5.68"]
[White "Van den Berg, Adrianus"]
[Black "Petrov, Iouri"]
[Result "0-1"]
[WhiteElo "1122"]
[BlackElo "1443"]
[PlyCount "110"]
[EventDate "2010.01.??"]
[EventType "swiss"]
[EventRounds "7"]
[EventCountry "GER"]
[SourceDate "2005.10.24"]

1. e4 c6 2. Nf3 d5 3. exd5 cxd5 4. d4 Bg4 5. c4 e6 6. Nc3 Nf6 7. h3 Bh5 8. Bf4
a6 9. c5 Nc6 10. Be2 Be7 11. Na4 Qa5+ 12. Bd2 Qc7 13. Nb6 Rd8 14. Qa4 O-O 15.
b4 Bxf3 16. Bxf3 Nxd4 17. Rc1 Nxf3+ 18. gxf3 Qe5+ 19. Kf1 Qb2 20. Rc2 Qa1+ 21.
Kg2 Qd4 22. Rg1 Qd3 23. Kh2 g6 24. Be3 Qb5 25. Qb3 Nd7 26. Qb2 Bf6 27. Bd4 Bxd4
28. Qxd4 Nxb6 29. cxb6 Rc8 30. Rgc1 Rc6 31. Rxc6 bxc6 32. Qc5 Rb8 33. Qxc6 Qxb6
34. Qxb6 Rxb6 35. a3 Kg7 36. Kg3 Kf6 37. Kf4 e5+ 38. Ke3 h5 39. Rc7 d4+ 40. Kd3
Ke6 41. f4 f6 42. Rg7 Kf5 43. fxe5 fxe5 44. Rf7+ Rf6 45. Re7 g5 46. a4 g4 47.
h4 Rb6 48. Rf7+ Kg6 49. Ra7 Rxb4 50. Rxa6+ Kf5 51. Ra5 Rb3+ 52. Kc2 Rf3 53. Ra8
Rxf2+ 54. Kd1 Ke4 55. a5 g3 0-1

[Event "Niedersachsen-ch B"]
[Site "Verden"]
[Date "2010.01.05"]
[Round "5.69"]
[White "Diederichs, Hannah"]
[Black "Richters, Maik"]
[Result "0-1"]
[WhiteElo "975"]
[BlackElo "1424"]
[PlyCount "40"]
[EventDate "2010.01.??"]
[EventType "swiss"]
[EventRounds "7"]
[EventCountry "GER"]
[SourceDate "2005.10.24"]

1. e4 e5 2. Nf3 Nc6 3. Nc3 Nf6 4. d4 exd4 5. Nxd4 Bb4 6. Bd2 Nxd4 7. Bc4 d6 8.
O-O O-O 9. Re1 Re8 10. f3 Bc5 11. Kh1 Be6 12. Bd3 a6 13. a3 b5 14. b4 Bb6 15.
Rb1 Qd7 16. f4 Bg4 17. Qc1 Nf3 18. Rd1 Nh4 19. h3 Bxh3 20. gxh3 Qxh3# 0-1

[Event "Niedersachsen-ch B"]
[Site "Verden"]
[Date "2010.01.05"]
[Round "5.70"]
[White "Aldegeerds, Julian"]
[Black "Knobel, Dagmar"]
[Result "1-0"]
[WhiteElo "1378"]
[BlackElo "1150"]
[PlyCount "57"]
[EventDate "2010.01.??"]
[EventType "swiss"]
[EventRounds "7"]
[EventCountry "GER"]
[SourceDate "2005.10.24"]

1. e4 e5 2. Nf3 Nc6 3. Bc4 d6 4. d3 h6 5. Be3 Na5 6. Bb3 Nxb3 7. axb3 Nf6 8.
Nc3 Be7 9. h3 Be6 10. Qd2 a6 11. O-O c6 12. Na4 c5 13. c4 Nd7 14. Nc3 g5 15.
Nh2 O-O 16. f3 f6 17. Ng4 Bxg4 18. fxg4 Rf7 19. Nd5 Nb8 20. Rf5 Nc6 21. Raf1
Kg7 22. h4 Nd4 23. Bxd4 cxd4 24. hxg5 hxg5 25. Qxg5+ fxg5 26. Rxf7+ Kh8 27.
Rxe7 b5 28. Rff7 Qg8 29. Nf6 1-0

[Event "Niedersachsen-ch B"]
[Site "Verden"]
[Date "2010.01.05"]
[Round "5.71"]
[White "Kaphle, Kerstin"]
[Black "Guenther, Alexander"]
[Result "1/2-1/2"]
[WhiteElo "1362"]
[BlackElo "1114"]
[PlyCount "145"]
[EventDate "2010.01.??"]
[EventType "swiss"]
[EventRounds "7"]
[EventCountry "GER"]
[SourceDate "2005.10.24"]

1. e4 c5 2. Nc3 Nc6 3. Nf3 Nf6 4. d4 cxd4 5. Nxd4 e5 6. Nxc6 bxc6 7. Bc4 Bb4 8.
a3 Bxc3+ 9. bxc3 d5 10. exd5 Nxd5 11. Bd2 O-O 12. O-O Be6 13. Bd3 Qd7 14. Qh5
f5 15. Qe2 e4 16. Bc4 Nc7 17. Bb3 Rab8 18. Rab1 Bxb3 19. cxb3 Nb5 20. a4 Nc7
21. Rfd1 Qe6 22. Bf4 Nd5 23. Bd2 f4 24. f3 e3 25. Be1 Nf6 26. c4 Rfd8 27. Rxd8+
Rxd8 28. Bc3 c5 29. Re1 Rb8 30. Qb2 Ne8 31. Be5 Rb7 32. Bxf4 Nd6 33. Qc2 Nf5
34. Qc3 e2 35. Kf2 Nd4 36. Be3 Rxb3 37. Qd2 Qxc4 38. Bxd4 cxd4 39. Qxe2 Qxe2+
40. Rxe2 Ra3 41. h4 Rxa4 42. g4 h6 43. Rd2 Kf7 44. Kg3 a5 45. Kf4 Rb4 46. Ke4
a4 47. Ra2 Ke6 48. Ra1 g6 49. Ra2 Kd6 50. h5 gxh5 51. gxh5 Ke6 52. f4 d3+ 53.
Kxd3 Rxf4 54. Rb2 Kf5 55. Rb5+ Kg4 56. Kc2 Rf5 57. Rb4+ Rf4 58. Rb5 a3 59. Kb3
Rf5 60. Rb4+ {(=)} Kxh5 61. Kxa3 Rf3+ 62. Kb2 Kg5 63. Kc2 h5 64. Kd2 h4 65. Ke2
Rf4 66. Rxf4 Kxf4 67. Kf2 Kg5 68. Kg1 h3 69. Kh2 Kh4 70. Kh1 Kg3 71. Kg1 Kf3
72. Kh1 Kg4 73. Kh2 1/2-1/2

[Event "Niedersachsen-ch B"]
[Site "Verden"]
[Date "2010.01.05"]
[Round "5.73"]
[White "Worpenberg, Lukas"]
[Black "Genath, Maren"]
[Result "1-0"]
[WhiteElo "1306"]
[BlackElo "1084"]
[PlyCount "117"]
[EventDate "2010.01.??"]
[EventType "swiss"]
[EventRounds "7"]
[EventCountry "GER"]
[SourceDate "2005.10.24"]

1. d4 d5 2. c4 c6 3. Nc3 Nf6 4. Bg5 Bf5 5. Nf3 h6 6. Bh4 e6 7. e3 Nbd7 8. Be2
Bd6 9. O-O O-O 10. c5 Bc7 11. Bd3 Bxd3 12. Qxd3 Re8 13. b4 e5 14. dxe5 Bxe5 15.
Nxe5 Nxe5 16. Qd2 Nc4 17. Qd4 Re6 18. e4 dxe4 19. Qxc4 Qd3 20. Qxd3 exd3 21.
Bxf6 Rxf6 22. Rad1 Rd8 23. Rd2 Rf4 24. a3 Rc4 25. Na4 f5 26. Nb2 Rc3 27. a4 Rb3
28. Rfd1 Rxb4 29. Rxd3 Rxd3 30. Nxd3 Rxa4 31. Rb1 b6 32. cxb6 axb6 33. g3 b5
34. Kf1 Kf7 35. Ne5+ Ke6 36. Nxc6 Kd5 37. Ne7+ Kc4 38. Nxf5 b4 39. Ke1 Kc3 40.
Kd1 b3 41. Ne3 b2 42. Nc2 Kb3 43. Kd2 Ka2 44. Re1 b1=Q 45. Rxb1 Kxb1 46. Ne3
Ra2+ 47. Ke1 Kb2 48. Ke2 Kc3+ 49. Kf3 Kd4 50. Nf5+ Ke5 51. Nxg7 Kf6 52. Nh5+
Kg5 53. Nf4 Ra3+ 54. Kg2 h5 55. Kh3 Rf3 56. Kg2 Rb3 57. Ne6+ Kg4 58. h3+ Kf5
59. Nd4+ 1-0

[Event "Niedersachsen-ch B"]
[Site "Verden"]
[Date "2010.01.05"]
[Round "5.74"]
[White "Laubrock, Paul"]
[Black "Boehning, Kilian"]
[Result "0-1"]
[WhiteElo "1089"]
[BlackElo "1247"]
[PlyCount "42"]
[EventDate "2010.01.??"]
[EventType "swiss"]
[EventRounds "7"]
[EventCountry "GER"]
[SourceDate "2005.10.24"]

1. e4 e5 2. Nf3 Nf6 3. Nxe5 Qe7 4. Nf3 Nxe4 5. Be2 b6 6. d3 Nf6 7. Bf4 Qb4+ 8.
Nc3 Qxf4 9. O-O Bd6 10. h3 Bb7 11. Qd2 Qxd2 12. Nxd2 O-O 13. Rfe1 Nc6 14. Nde4
Be5 15. Nxf6+ Bxf6 16. Na4 {
Die notierten Züge Sb4 und Sh4 sind leider nicht möglich.} Nd4 17. Bd1 Rfe8 18.
Rxe8+ Rxe8 19. c3 Re1+ 20. Kh2 Be5+ 21. g3 Rh1# 0-1

[Event "Niedersachsen-ch B"]
[Site "Verden"]
[Date "2010.01.05"]
[Round "5.75"]
[White "Rosin, Julius"]
[Black "Wallat, Jessica"]
[Result "1-0"]
[WhiteElo "1247"]
[BlackElo "1026"]
[PlyCount "149"]
[EventDate "2010.01.??"]
[EventType "swiss"]
[EventRounds "7"]
[EventCountry "GER"]
[SourceDate "2005.10.24"]

1. e4 e5 2. Nf3 Nc6 3. Bc4 Bc5 4. d3 h6 5. Nc3 Nf6 6. Be3 Bb6 7. Bxb6 axb6 8.
O-O O-O 9. h3 d6 10. d4 exd4 11. Nxd4 Nxd4 12. Qxd4 Re8 13. Rfe1 Be6 14. Bxe6
Rxe6 15. Rad1 c5 16. Qd3 Qe7 17. a3 Re8 18. f3 Nh5 19. Nd5 Qd8 20. Re3 Ng3 21.
Rde1 Rg6 22. Nf4 Rf6 23. Ne2 Nh5 24. Nc3 Nf4 25. Qd2 Rg6 26. g4 Nxh3+ 27. Kh2
Nf4 28. Qf2 Qg5 29. Ne2 h5 30. Nxf4 Qxf4+ 31. Qg3 Qg5 32. Kh3 hxg4+ 33. Qxg4
Ree6 34. R3e2 Qf6 35. Qf5 Rh6+ 36. Kg2 Qh4 37. Kf1 Qg3 38. Rf2 Rh1+ 39. Ke2 Rh2
40. Ref1 Rf6 41. Qc8+ Kh7 42. Rxh2+ Qxh2+ 43. Rf2 Qg3 44. Qxb7 Qe5 45. Qxb6 c4
46. c3 d5 47. Qd4 Re6 48. Qxe5 Rxe5 49. Ke3 Kg6 50. Kd4 Kf6 51. exd5 Re8 52.
Kxc4 g5 53. Rd2 Rd8 54. d6 Ke6 55. d7 f5 56. Kc5 Rxd7 57. Rxd7 Kxd7 58. Kd4 g4
59. fxg4 fxg4 60. Ke4 Kc6 61. Kf4 Kb5 62. Kxg4 Kc4 63. a4 Kc5 64. b4+ Kb6 65.
c4 Kc6 66. a5 Kb7 67. b5 Kc7 68. c5 Kb7 69. a6+ Kb8 70. b6 Ka8 71. c6 Kb8 72.
c7+ Kc8 73. a7 Kb7 74. a8=Q+ Kxa8 75. c8=Q# 1-0

[Event "Niedersachsen-ch B"]
[Site "Verden"]
[Date "2010.01.05"]
[Round "5.76"]
[White "Raetzke von Stoyentin, Steffen"]
[Black "Moeller, Hannah"]
[Result "1-0"]
[WhiteElo "1240"]
[BlackElo "912"]
[PlyCount "135"]
[EventDate "2010.01.??"]
[EventType "swiss"]
[EventRounds "7"]
[EventCountry "GER"]
[SourceDate "2005.10.24"]

1. Nf3 Nc6 2. d4 d5 3. c4 e6 4. Nc3 Nf6 5. Bg5 h6 6. Bh4 Be7 7. e3 O-O 8. c5
Ng4 9. Bxe7 Nxe7 10. Nd2 Nf6 11. g3 b6 12. Nb3 Bb7 13. Bg2 bxc5 14. Nxc5 Bc6
15. O-O Rb8 16. Rb1 Bb5 17. Re1 Qd6 18. a4 Bd7 19. Qd3 Nf5 20. Bh3 Bc8 21. Nb5
Qb6 22. Qc2 a6 23. Nc3 Nd7 24. Nd3 Qb3 25. Qxb3 Rxb3 26. Nc1 Rb8 27. b4 Nb6 28.
a5 Nc4 29. Re2 Na3 30. Rb3 Nc4 31. Bxf5 exf5 32. Nxd5 Rb7 33. Rc2 Be6 34. Nf4
Nd6 35. Nxe6 fxe6 36. Rc6 Ne4 37. Rxa6 Nd2 38. Ra3 Re8 39. Nd3 Nf3+ 40. Kg2 Nd2
41. Rc6 Kf7 42. a6 Ra7 43. Ne5+ Kf6 44. Rc2 Ne4 45. Nc6 Raa8 46. a7 Nd6 47. Ra6
Nc8 48. Rc5 g5 49. Rb5 Nxa7 50. Rxa7 Rac8 51. Rbb7 Ra8 52. Rxa8 Rxa8 53. Rxc7
Rf8 54. b5 Ra8 55. b6 Ra3 56. b7 Rb3 57. b8=Q Rxb8 58. Nxb8 Kg6 59. Na6 Kf6 60.
Nc5 h5 61. Rc6 Ke7 62. Rxe6+ Kf7 63. d5 Kf8 64. d6 Kf7 65. d7 Kg7 66. d8=Q Kf7
67. Qd7+ Kf8 68. Re8# 1-0

[Event "Niedersachsen-ch B"]
[Site "Verden"]
[Date "2010.01.05"]
[Round "5.77"]
[White "Mayen, Paul"]
[Black "Mildner, Ramon"]
[Result "0-1"]
[WhiteElo "917"]
[BlackElo "919"]
[PlyCount "102"]
[EventDate "2010.01.??"]
[EventType "swiss"]
[EventRounds "7"]
[EventCountry "GER"]
[SourceDate "2005.10.24"]

{Wieso wurde nur ein Partieformular abgegeben?} 1. e4 c5 2. Nc3 Nc6 3. Bc4 g6
4. d3 Bg7 5. Nge2 {Welcher Se2?} e6 6. O-O Nge7 {Welcher Se7?} 7. Bg5 O-O 8.
Ng3 {Was sollen die ganzen Kreuze hinter den Zügen?} b6 9. f4 f6 10. Bh4 Kh8
11. Qf3 Nd4 12. Qf2 Bb7 13. Nb5 Nxb5 14. Bxb5 a6 15. Ba4 b5 16. Bb3 Rc8 17. c4
f5 18. e5 d6 19. d4 cxd4 20. Qxd4 dxe5 {
Wenn man das d groß schreibt, heißt es Dame schlägt. Das geht hier nicht.} 21.
Qxd8 Rfxd8 {Welcher Txd8? Es ist auch keine Dame mehr da, die schlagen könnte.}
22. Bxe7 Rd7 23. Bb4 bxc4 24. Ba4 Bc6 25. Bxc6 Rxc6 26. Rad1 {Welcher Td1?} Rd5
27. Rxd5 exd5 28. fxe5 Bxe5 29. Rb1 Rb6 30. a3 c3 31. bxc3 a5 32. Re1 axb4 33.
Rxe5 bxa3 34. Re2 Rb2 35. Re8+ Kg7 36. Ra8 a2 37. Rxa2 Rxa2 38. Kf1 Kf6 39. Ne2
Ke5 40. g3 Ke4 41. c4 Kf3 42. Nd4+ Ke4 43. Ne2 Ra1+ 44. Kf2 dxc4 45. Nc3+ Kd3
46. Nd5 c3 47. Nf4+ Kd2 48. g4 c2 49. g5 c1=Q 50. Kg3 Ra3+ 51. Kg2 Kc2 {
Liebe Jugendwarte: Bitte bringt den Kindern das Mitschreiben bei.} 0-1

[Event "Niedersachsen-ch B"]
[Site "Verden"]
[Date "2010.01.05"]
[Round "5.78"]
[White "Gottlieb, Timo"]
[Black "Asprion, Neal"]
[Result "1-0"]
[WhiteElo "1257"]
[BlackElo "772"]
[PlyCount "87"]
[EventDate "2010.01.??"]
[EventType "swiss"]
[EventRounds "7"]
[EventCountry "GER"]
[SourceDate "2005.10.24"]

1. e4 e5 2. Nf3 d6 3. d4 exd4 4. Nxd4 c5 5. Nf3 Nf6 6. Nc3 Be7 7. Bc4 O-O 8.
O-O Nc6 9. Bf4 Bg4 10. h3 Bxf3 11. Qxf3 Nd4 12. Qd3 a6 13. Be3 b5 14. Bd5 Nxd5
15. Nxd5 Nc6 16. Rad1 Rc8 17. Nxe7+ Qxe7 18. Qxd6 Qxd6 19. Rxd6 Rfd8 20. Rxd8+
Rxd8 21. Bxc5 h6 22. Re1 f6 23. Re3 Rd2 24. Rc3 Re2 25. Be3 b4 26. Rxc6 b3 27.
axb3 Re1+ 28. Kh2 Ra1 29. c4 a5 30. c5 a4 31. bxa4 Rxa4 32. Rc8+ Kh7 33. c6 Rc4
34. c7 g5 35. b4 Kg7 36. b5 Kf7 37. b6 Ke6 38. b7 Rb4 39. b8=Q Rxb8 40. cxb8=Q
Kf7 41. Qb7+ Kg6 42. Rg8+ Kh5 43. Qf7+ Kh4 44. g3# 1-0

[Event "Niedersachsen-ch B"]
[Site "Verden"]
[Date "2010.01.05"]
[Round "5.79"]
[White "Stuppenhagen, Tim"]
[Black "Cegielka, Michael"]
[Result "1-0"]
[WhiteElo "1036"]
[BlackElo "1065"]
[PlyCount "103"]
[EventDate "2010.01.??"]
[EventType "swiss"]
[EventRounds "7"]
[EventCountry "GER"]
[SourceDate "2005.10.24"]

1. e4 c5 2. Nf3 Nc6 3. Bc4 g6 4. O-O Bg7 5. d3 Nf6 6. Nc3 O-O 7. d4 cxd4 8.
Nxd4 Nxe4 9. Nxc6 Nxc3 10. Nxd8 Nxd1 11. Rxd1 Rxd8 12. Bg5 Bxb2 13. Bxe7 Bxa1
14. Bxd8 Be5 15. Re1 d6 16. Bg5 Bf5 17. Bb3 Rc8 18. c4 Be6 19. Re4 a6 20. g3 b5
21. cxb5 Bxb3 22. axb3 axb5 23. Bh6 Bg7 24. Bf4 Rd8 25. Bg5 Rb8 26. Re7 Bf8 27.
Rd7 Rb6 28. Rd8 Kg7 29. h4 h6 30. Bxh6+ Kxh6 31. Rxf8 Kg7 32. Rd8 Kf6 33. f4
Ke7 34. Rc8 d5 35. Kf2 Kd7 36. Rc2 Rc6 37. Rxc6 Kxc6 38. b4 d4 39. Ke2 Kd5 40.
Kd3 f6 41. g4 Ke6 42. Kxd4 f5 43. gxf5+ Kxf5 44. Kc5 Kxf4 45. Kxb5 Kg4 46. Kc6
Kxh4 47. b5 g5 48. b6 g4 49. b7 g3 50. b8=Q g2 51. Qh2+ Kg5 52. Qxg2+ 1-0

[Event "Niedersachsen-ch B"]
[Site "Verden"]
[Date "2010.01.05"]
[Round "6.1"]
[White "Hoellmann, Ludger"]
[Black "Niehaus, Stephan"]
[Result "1/2-1/2"]
[WhiteElo "2237"]
[BlackElo "2108"]
[PlyCount "28"]
[EventDate "2010.01.??"]
[EventType "swiss"]
[EventRounds "7"]
[EventCountry "GER"]
[SourceDate "2005.10.24"]

1. d4 d5 2. Bf4 Nf6 3. e3 c5 4. c3 Qb6 5. Qb3 c4 6. Qc2 Nc6 7. Nd2 g6 8. e4
Nxe4 9. Nxe4 dxe4 10. Bxc4 Bg7 11. Be3 Qc7 12. Bd5 f5 13. Ne2 Bd7 14. Rc1 e5
1/2-1/2

[Event "Niedersachsen-ch B"]
[Site "Verden"]
[Date "2010.01.05"]
[Round "6.2"]
[White "Sawadkuhi, Massoud Amir"]
[Black "Schuette, Marc"]
[Result "0-1"]
[WhiteElo "2227"]
[BlackElo "2242"]
[PlyCount "116"]
[EventDate "2010.01.??"]
[EventType "swiss"]
[EventRounds "7"]
[EventCountry "GER"]
[SourceDate "2005.10.24"]

1. e4 e6 2. d4 d5 3. e5 c5 4. c3 Qb6 5. a3 Nc6 6. Nf3 Nh6 7. b4 cxd4 8. Bxh6
gxh6 9. cxd4 Bd7 10. Be2 Rc8 11. O-O Bg7 12. Re1 O-O 13. Qd3 f6 14. b5 Na5 15.
Nc3 Nc4 16. Na4 Qd8 17. exf6 Qxf6 18. Nc5 Bxb5 19. a4 Rxc5 20. axb5 Rxb5 21.
Rxa7 Qd8 22. Rea1 Qb6 23. h3 Rb3 24. Qd1 Rbxf3 25. gxf3 Bxd4 26. Ra8 Bxa1 27.
Rxf8+ Kxf8 28. Qxa1 Qb2 29. Qa8+ Ke7 30. Bxc4 dxc4 31. Qc8 Qc1+ 32. Kg2 Qg5+
33. Kh1 Qd5 34. Qc7+ Ke8 35. Qc8+ Ke7 36. Qc7+ Ke8 37. Qc8+ Kf7 38. Qc7+ Kg6
39. Qg3+ Kf5 40. Qg4+ Ke5 41. Kg2 Kd6 42. Qf4+ Kc6 43. Qxh6 c3 44. Qxh7 Qc4 45.
Qc2 b5 46. h4 b4 47. Qa4+ Kb6 48. Qa8 Qc6 49. Qb8+ Ka5 50. Qa7+ Kb5 51. Qb8+
Ka4 52. Qa7+ Kb3 53. Qe3 Kb2 54. Qd4 Ka3 55. Qa7+ Kb3 56. Qe3 Qd5 57. h5 Qxh5
58. Qxe6+ Kb2 0-1

[Event "Niedersachsen-ch B"]
[Site "Verden"]
[Date "2010.01.05"]
[Round "6.3"]
[White "Raum, Sebastian"]
[Black "Herrmann, Andreas"]
[Result "1/2-1/2"]
[WhiteElo "1910"]
[BlackElo "2171"]
[PlyCount "101"]
[EventDate "2010.01.??"]
[EventType "swiss"]
[EventRounds "7"]
[EventCountry "GER"]
[SourceDate "2005.10.24"]

1. e4 c5 2. Nf3 Nc6 3. d4 cxd4 4. Nxd4 g6 5. Nc3 Bg7 6. Be3 Nf6 7. Bc4 O-O 8.
Bb3 d6 9. f3 Bd7 10. Qd2 Nxd4 11. Bxd4 b5 12. Nd5 Nxd5 13. Bxd5 Rc8 14. Bxg7
Kxg7 15. h4 h6 16. O-O-O a5 17. a3 Qc7 18. Bb3 b4 19. axb4 axb4 20. Qxb4 Be6
21. Qc3+ Qxc3 22. bxc3 Rxc3 23. Bxe6 fxe6 24. Rd3 Rc5 25. Kd2 Rfc8 26. Rc1 g5
27. hxg5 hxg5 28. c3 Ra8 29. Ke3 Kf6 30. g3 Rh8 31. f4 g4 32. c4 Rh2 33. Rd2
Rh3 34. Rg2 Ra5 35. Rd1 Ra3+ 36. Rd3 Ra1 37. Kd4 Rh5 38. Rb2 e5+ 39. fxe5+ Rxe5
40. Rb5 Ra5 41. Rdb3 Rc5 42. Rxc5 Rxc5 43. Rb5 Rc8 44. Rf5+ Kg6 45. Kd5 Rc5+
46. Ke6 Rxc4 47. Rf4 Kg5 48. Kxe7 Rc3 49. Rf5+ Kg6 50. Rf6+ Kg5 51. Rf5+
1/2-1/2

[Event "Niedersachsen-ch B"]
[Site "Verden"]
[Date "2010.01.05"]
[Round "6.4"]
[White "Guennigmann, Manuel"]
[Black "Langenfeld, Olaf"]
[Result "1-0"]
[WhiteElo "2164"]
[BlackElo "1992"]
[PlyCount "51"]
[EventDate "2010.01.??"]
[EventType "swiss"]
[EventRounds "7"]
[EventCountry "GER"]
[SourceDate "2005.10.24"]

1. e4 c5 2. Nf3 e6 3. d4 cxd4 4. Nxd4 a6 5. Nc3 Qc7 6. Bd3 Nc6 7. Nb3 b5 8. O-O
Bb7 9. Qe2 Nf6 10. f4 d6 11. Bd2 Be7 12. Rae1 Nd7 13. Kh1 O-O 14. Rf3 Nc5 15.
Rh3 Nxd3 16. cxd3 g6 17. f5 Bf6 18. Bh6 Rfe8 19. Qf2 Bh8 20. Qh4 Ne5 21. f6 Qd8
22. Bg7 h5 23. Bxh8 Kxh8 24. Qg5 Kg8 25. Rxh5 Nd7 26. Rh8+ 1-0

[Event "Niedersachsen-ch B"]
[Site "Verden"]
[Date "2010.01.05"]
[Round "6.5"]
[White "Kaphle, Stephan"]
[Black "Struessmann, Frank"]
[Result "1-0"]
[WhiteElo "2175"]
[BlackElo "2276"]
[PlyCount "79"]
[EventDate "2010.01.??"]
[EventType "swiss"]
[EventRounds "7"]
[EventCountry "GER"]
[SourceDate "2005.10.24"]

1. e4 c5 2. Nf3 d6 3. d4 cxd4 4. Nxd4 Nf6 5. Nc3 g6 6. Be3 Bg7 7. f3 O-O 8. Qd2
Nc6 9. O-O-O d5 10. exd5 Nxd5 11. Nxc6 bxc6 12. Bd4 e5 13. Bc5 Be6 14. Ne4 Re8
15. g4 Qh4 16. Kb1 Red8 17. Ba6 Rab8 18. Qa5 f5 19. Bf2 Qe7 20. gxf5 gxf5 21.
Nc5 Bf7 22. Bc4 Kh8 23. Rhg1 Bh5 24. Na6 Rb7 25. Nb4 Rxb4 26. Bc5 Rxb2+ 27.
Kxb2 Rb8+ 28. Ka3 Nb6 29. Qxb6 axb6 30. Bxe7 Bxf3 31. Rd8+ Rxd8 32. Bxd8 h5 33.
Bxb6 e4 34. Rg5 Bg4 35. h3 Bd1 36. Rxf5 Bh6 37. Re5 Bxc2 38. Rxh5 Kg7 39. Bd4+
Kg6 40. Bf7+ 1-0

[Event "Niedersachsen-ch B"]
[Site "Verden"]
[Date "2010.01.05"]
[Round "6.6"]
[White "Eschholz, Enno"]
[Black "Jacobi, Felix Hagen"]
[Result "1-0"]
[WhiteElo "2198"]
[BlackElo "1901"]
[PlyCount "93"]
[EventDate "2010.01.??"]
[EventType "swiss"]
[EventRounds "7"]
[EventCountry "GER"]
[SourceDate "2005.10.24"]

1. e4 e6 2. d4 d5 3. Nc3 Bb4 4. Nge2 dxe4 5. a3 Bxc3+ 6. Nxc3 f5 7. f3 e5 8.
dxe5 Qxd1+ 9. Kxd1 exf3 10. gxf3 Be6 11. Nb5 Na6 12. Be3 Ne7 13. Nd4 O-O-O 14.
Ke1 Bd5 15. c4 Bf7 16. Rd1 Nb8 17. Bd3 f4 18. Nf5 Ng6 19. e6 Bxe6 20. Nxg7 Bh3
21. Bc1 Rd7 22. Nh5 Rf8 23. Kf2 Nc6 24. Bxg6 hxg6 25. Nxf4 Bf5 26. Rxd7 Kxd7
27. Rd1+ Ke8 28. Nd5 Kf7 29. Bf4 Kg8 30. Bxc7 Bg4 31. Rd3 Bf5 32. Re3 b6 33. b4
Nd4 34. Ne7+ Kf7 35. Nxf5 Nxf5 36. Re4 Rc8 37. Be5 Rd8 38. Ke2 Rd7 39. c5 bxc5
40. bxc5 Rd5 41. c6 {Ab hier nicht mehr zuverlässig nachvollziehbar.} Ne7 42.
c7 Nc8 43. Bg3 Rc5 44. Rd4 Ke6 45. Rd8 Ne7 46. Ra8 a5 47. Rb8 1-0

[Event "Niedersachsen-ch B"]
[Site "Verden"]
[Date "2010.01.05"]
[Round "6.7"]
[White "Kessler, Marcel"]
[Black "Andre, Wolfgang"]
[Result "0-1"]
[WhiteElo "1924"]
[BlackElo "2208"]
[PlyCount "84"]
[EventDate "2010.01.??"]
[EventType "swiss"]
[EventRounds "7"]
[EventCountry "GER"]
[SourceDate "2005.10.24"]

1. d4 Nf6 2. Nf3 g6 3. c4 Bg7 4. Nc3 d5 5. e3 O-O 6. Be2 c5 7. O-O cxd4 8. Nxd4
Nc6 9. Nxc6 bxc6 10. Qa4 Qb6 11. Rd1 e6 12. Bd2 Bd7 13. Rab1 c5 14. Qc2 d4 15.
exd4 cxd4 16. Ne4 Nxe4 17. Qxe4 e5 18. Bf3 Rac8 19. Qe2 Bf5 20. b4 Bxb1 21.
Rxb1 Qa6 22. Rc1 Qxa2 23. c5 Rfe8 24. Bb7 Rc7 25. c6 Bh6 26. Rd1 Qc2 27. Kf1 d3
28. Qe1 Bxd2 29. Rxd2 Qb3 30. g3 e4 31. Ba6 Qxb4 32. Bxd3 Rxc6 33. Be2 Rce6 34.
Qd1 R6e7 35. Rd4 Qb6 36. Rd2 Qb4 37. Rd4 Qb8 38. Bc4 Qb2 39. Rd8 e3 40. Be2
exf2 41. Rd2 Rxe2 42. Rxb2 Re1+ 0-1

[Event "Niedersachsen-ch B"]
[Site "Verden"]
[Date "2010.01.05"]
[Round "6.8"]
[White "Holloway, Timo"]
[Black "Koop, Thorben"]
[Result "1-0"]
[WhiteElo "2122"]
[BlackElo "1740"]
[PlyCount "109"]
[EventDate "2010.01.??"]
[EventType "swiss"]
[EventRounds "7"]
[EventCountry "GER"]
[SourceDate "2005.10.24"]

1. e4 c5 2. Nf3 Nc6 3. d4 cxd4 4. Nxd4 e5 5. Nb5 d6 6. N1c3 a6 7. Na3 b5 8. Nd5
Nge7 9. c4 Nd4 10. Bd3 Nxd5 11. cxd5 Be7 12. O-O O-O 13. Nc2 Nxc2 14. Qxc2 Bd7
15. b3 Rc8 16. Qe2 f5 17. exf5 Bxf5 18. a4 Bxd3 19. Qxd3 Rb8 20. Bd2 Qd7 {(=)}
21. f3 Rfc8 22. Rfc1 Bd8 23. axb5 axb5 24. Rxc8 Rxc8 25. Be3 Bc7 26. Ra7 Qe8
27. Rb7 b4 28. Rxb4 Ba5 29. Rc4 Rxc4 30. Qxc4 Qb8 31. h3 h6 32. Kh2 Be1 33. Bg1
Bd2 34. Bf2 Bf4+ 35. Bg3 Bd2 36. Bf2 Bf4+ 37. g3 Bd2 38. Kg2 Bb4 39. Qa6 Qc7
40. Qc6 Qa5 41. Qa4 Bd2 42. Qxa5 Bxa5 43. Kf1 Kf7 44. Be1 Bc7 45. Ke2 Ke7 46.
Kd3 Kd7 47. Ke4 Ke7 48. Bd2 Bb6 49. g4 g5 50. Kf5 Kf7 51. Be1 Be3 52. Bb4 Ke7
53. Kg6 Bc5 54. Bd2 Kf8 55. Kxh6 1-0

[Event "Niedersachsen-ch B"]
[Site "Verden"]
[Date "2010.01.05"]
[Round "6.9"]
[White "Belakhin, Alexander"]
[Black "Wittfoth, Kai Uve"]
[Result "0-1"]
[WhiteElo "1864"]
[BlackElo "2156"]
[PlyCount "140"]
[EventDate "2010.01.??"]
[EventType "swiss"]
[EventRounds "7"]
[EventCountry "GER"]
[SourceDate "2005.10.24"]

1. d4 d5 2. c4 e6 3. Nf3 dxc4 4. Nc3 c6 5. a4 Bb4 6. e3 b5 7. Ne5 Bb7 8. Qf3
Qe7 9. Qg3 f6 10. Nf3 Nd7 11. Be2 Nb6 12. axb5 cxb5 13. O-O a6 14. Nh4 Bd6 15.
Qh3 Nh6 16. Bf3 Bxf3 17. Qxf3 O-O 18. g3 Nf7 19. Qe2 Qd7 20. Ne4 Be7 21. b3 Qc6
22. Qf3 Rfc8 23. bxc4 Nxc4 24. Rd1 f5 25. Nd2 a5 26. Nxc4 Qxf3 27. Nxf3 Rxc4
28. Nd2 Rc2 29. Nb3 Bb4 30. Ba3 Bc3 31. Rdc1 Rxc1+ 32. Rxc1 b4 33. Rc2 Nd6 34.
Rxc3 {(=)} bxa3 35. Nc1 Rb8 36. Rxa3 Rb1 37. Rc3 a4 38. Kg2 Nb5 39. Rc2 a3 40.
Rc8+ Kf7 41. Rc5 Rb2 42. h3 Nd6 43. Ra5 {(=)} Rc2 44. Nd3 a2 45. Nb4 Rb2 46.
Nxa2 Ne4 47. Nc1 Rxf2+ 48. Kg1 Rf3 49. Ra3 Rxg3+ 50. Kh2 Kf6 51. Ne2 Rf3 52.
Nf4 g5 53. Ng2 Nf2 54. Ne1 Rxh3+ 55. Kg2 f4 56. Kxf2 fxe3+ 57. Rxe3 Rxe3 58.
Kxe3 Kf5 59. Nf3 h5 60. Nh2 g4 61. Kf2 Kf4 62. Kg2 Ke4 63. Kg3 Kxd4 64. Kh4 Ke4
65. Nf1 Kf3 66. Ng3 e5 67. Nxh5 e4 68. Nf6 (68. Ng3 e3 69. Nf5 $11) 68... e3
69. Nxg4 e2 70. Ne5+ Ke4 0-1

[Event "Niedersachsen-ch B"]
[Site "Verden"]
[Date "2010.01.05"]
[Round "6.10"]
[White "Kiesel, Harald"]
[Black "Heyne, Lukas"]
[Result "1-0"]
[WhiteElo "2165"]
[BlackElo "1810"]
[PlyCount "33"]
[EventDate "2010.01.??"]
[EventType "swiss"]
[EventRounds "7"]
[EventCountry "GER"]
[SourceDate "2005.10.24"]

1. e4 c5 2. Nf3 d6 3. Bb5+ Nc6 4. O-O g6 5. d4 cxd4 6. Qxd4 f6 7. Be3 Bg7 8.
Qd2 f5 9. Nc3 Nf6 10. Rad1 Bd7 11. exf5 Bxf5 12. Rfe1 a6 13. Bc4 Bg4 14. Bf4 e5
15. Qxd6 Qxd6 16. Rxd6 Bxf3 17. gxf3 1-0

[Event "Niedersachsen-ch B"]
[Site "Verden"]
[Date "2010.01.05"]
[Round "6.11"]
[White "Vetter, Torsten"]
[Black "Pfemeter, Felix"]
[Result "1/2-1/2"]
[WhiteElo "2039"]
[BlackElo "1866"]
[PlyCount "54"]
[EventDate "2010.01.??"]
[EventType "swiss"]
[EventRounds "7"]
[EventCountry "GER"]
[SourceDate "2005.10.24"]

1. d4 Nf6 2. Nf3 g6 3. g3 Bg7 4. Bg2 O-O 5. O-O d6 6. Nfd2 e5 7. dxe5 dxe5 8.
Ne4 Nxe4 9. Qxd8 Rxd8 10. Bxe4 c6 11. c3 f5 12. Bc2 Be6 13. e4 Nd7 14. exf5
gxf5 15. Nd2 Nc5 16. Nb3 Nxb3 17. axb3 a6 18. Bg5 Rd5 19. b4 h6 20. Bh4 e4 21.
Be7 Rd2 22. Rac1 Re8 23. Bc5 Bc4 24. Rfd1 Red8 25. Be3 R2d5 26. Rxd5 Rxd5 27.
Rd1 Rxd1+ 1/2-1/2